Name the most massive black holes - Statistics

General Stats
  • This quiz has been taken 27 times
  • The average score is 2 of 155
Answer Stats
Answer % Correct
TON 618
89%
Phoenix A
50%
Sagittarius A*
39%
4C +74.13
6%
Centaurus A
6%
Holmberg 15A
6%
IC 1101
6%
Messier 87
6%
NGC 3842
6%
2MASS J13260399+7023462
0%
3C 109
0%
3C 120
0%
3C 273
0%
3C 390.3
0%
4C +37.11
0%
Abell 1201 BCG
0%
Abell 1836-BCG
0%
Abell 3565-BCG
0%
Andromeda Galaxy
0%
APM 08279+5255
0%
CID-947
0%
Cygnus A
0%
ESO 383-76
0%
ESO 444-46
0%
Fairall 9
0%
H1821+643
0%
Hercules A (3C 348)
0%
IC 4329A
0%
ICRF J131043.3-555211
0%
II Zwicky 136
0%
M60-UCD1
0%
Markarian 1095
0%
Markarian 110
0%
Markarian 279
0%
Markarian 335
0%
Markarian 501
0%
Markarian 509
0%
Markarian 771
0%
Markarian 79
0%
Markarian 817
0%
Markarian 876
0%
Messier 105
0%
Messier 108
0%
Messier 32
0%
Messier 49
0%
Messier 58
0%
Messier 59
0%
Messier 60
0%
Messier 61
0%
Messier 81
0%
Messier 82
0%
Messier 84
0%
Messier 85
0%
Messier 88
0%
Messier 96
0%
NGC 1270
0%
NGC 1271
0%
NGC 1275
0%
NGC 1277
0%
NGC 1281
0%
NGC 1399
0%
NGC 1600
0%
NGC 3115
0%
NGC 3227
0%
NGC 3516
0%
NGC 3783
0%
NGC 4151 primary
0%
NGC 4151 secondary
0%
NGC 4261
0%
NGC 4395
0%
NGC 4593
0%
NGC 4889
0%
NGC 5419
0%
NGC 5548
0%
NGC 6166
0%
NGC 7469
0%
NGC 7727
0%
NGC 7768
0%
NGC 863
0%
OJ 287 primary
0%
OJ 287 secondary
0%
PG 0026+129
0%
PG 0052+251
0%
PG 0804+761
0%
PG 0844+349
0%
PG 0953+414
0%
PG 1211+143
0%
PG 1307+085
0%
PG 1411+442
0%
PG 1426+015
0%
PG 1617+175
0%
PG 1700+518
0%
PKS 2059+034
0%
Pōniuāʻena
0%
PSO J334.2028+01.4075
0%
Q0906+6930
0%
QSO 0537-286
0%
QSO B0222+185
0%
QSO B0746+254
0%
QSO B0805+614
0%
QSO B0836+710
0%
QSO B1210+330
0%
QSO B2126-158
0%
QSO B2149-306
0%
QSO B225155+2217
0%
RX J124236.9-111935
0%
RX J1532.9+3021
0%
S5 0014+81
0%
SAGE0536AGN
0%
SDSS 143148.09+053558
0%
SDSS J010013.02+280225.8
0%
SDSS J011521.20+152453.3
0%
SDSS J013127.34-032100.1
0%
SDSS J014214.75+002324.2
0%
SDSS J015741.57-010629.6
0%
SDSS J020151.65+012902.5
0%
SDSS J025021.76-075749.9
0%
SDSS J025231.19+034112.7
0%
SDSS J025905.63+001121.9
0%
SDSS J030341.04-002321.9
0%
SDSS J030449.85-000813.4
0%
SDSS J074521.78+734336.1
0%
SDSS J075303.34+423130.8
0%
SDSS J075403.60+481428.0
0%
SDSS J075819.70+202300.9
0%
SDSS J08019.69+373047.3
0%
SDSS J080430.56+542041.1
0%
SDSS J080956.02+502000.9
0%
SDSS J081855.77+095848.0
0%
SDSS J082535.19+512706.3
0%
SDSS J090033.50+421547.0
0%
SDSS J094202.04+042244.5
0%
SDSS J102325.31+514251.0
0%
SDSS J113029.48+634620.4
0%
SDSS J114833.14+193003.2
0%
SDSS J115954.33+201921.1
0%
SDSS J134617.54+622045.5
0%
SDSS J140821.67+025733.2
0%
SDSS J150752.66+133844.5
0%
SDSS J155053.16+052112.1
0%
SDSS J162752.18+541912.5
0%
SDSS J173352.23+540030.4
0%
SDSS J213023.61+122252.0
0%
SDSS J214611.58-070449.2
0%
SDSS J224956.08+000218.0
0%
SDSS J230301.45-093930.7
0%
SDSS J233254.46+151305.5
0%
SDSS J234625.66-001600.4
0%
SMSS J215728.21-360215.1
0%
Sombrero Galaxy
0%
UGC 10143
0%
UGC 12591
0%
ULAS J1120+0641
0%
ULAS J1342+0928
0%
WISE J104222.11+164115.3
0%
No matching quizzes found
Score Distribution
Percent of People with Each Score
Percentile by Number Answered
Your Score History
You have not taken this quiz